Statistics for First Five Countries Alphabetically by Continent with Exceptions

Click here to take the quiz!

General Stats

  • This quiz has been taken 1,368 times
    (1,346 since last reset)
  • The average score is 23 of 30

Answer Stats

Continent Country % Correct
South AmericaChile
94%
South AmericaColombia
93%
North AmericaCanada
90%
EuropeDenmark
89%
OceaniaFiji
89%
South AmericaEcuador
86%
South AmericaGuyana
84%
North AmericaCuba
83%
AfricaChad
82%
AsiaChina
82%
North AmericaDominica
80%
EuropeEstonia
80%
EuropeCroatia
79%
AfricaCameroon
78%
AsiaCambodia
78%
OceaniaNauru
76%
North AmericaDominican Republic
76%
OceaniaMarshall Islands
75%
OceaniaFed. States Micronesia
75%
OceaniaKiribati
73%
South AmericaParaguay
73%
AfricaComoros
73%
North AmericaCosta Rica
73%
EuropeFinland
70%
EuropeCzech Republic
70%
AfricaCentral African Republic
66%
AfricaCabo Verde
63%
AsiaCyprus
52%
AsiaEast Timor
41%
AsiaGeorgia
38%

Score Distribution

Percentile by Number Answered

Percent of People with Each Score

Your Score History

You have not taken this quiz since the last reset